<?xml version="1.0" encoding="UTF-8"?><OAI-PMH xmlns="http://www.openarchives.org/OAI/2.0/" xmlns:xsi="http://www.w3.org/2001/XMLSchema-instance"     xsi:schemaLocation="http://www.openarchives.org/OAI/2.0/ http://www.openarchives.org/OAI/2.0/OAI-PMH.xsd"><responseDate>2026-05-16T16:59:44Z</responseDate><request verb="GetRecord" identifier="oai:regmurcia.com:fintegr.1370" metadataPrefix="marc21">http://oai.regmurcia.com/oai2/oai2.php</request><GetRecord><record><header><identifier>oai:regmurcia.com:fintegr.1370</identifier><datestamp>2026-05-16</datestamp><setSpec>documentos</setSpec></header><metadata><record  xmlns="http://www.loc.gov/MARC21/slim" xmlns:xsi="http://www.w3.org/2001/XMLSchema-instance" xsi:schemaLocation="http://www.loc.gov/MARC21/slim http://www.loc.gov/standards/marcxml/schema/MARC21slim.xsd" type="Bibliographic"><leader>00000nam a2200000   4500</leader><controlfield tag="001" >005074637</controlfield><controlfield tag="003" >1370</controlfield><controlfield tag="004" >A00000000</controlfield><datafield tag="245" ind1=" " ind2=" "><subfield code="a">Provisión de Juan II al Concejo de Murcia ordenando permitir a Sancho Dávalos mantener el cargo de regidor de la ciudad al tiempo del de comendador de Lorquí.</subfield></datafield><datafield tag="300" ind1=" " ind2=" "><subfield code="c">300 x 280 mm ap.</subfield></datafield><datafield tag="351" ind1=" " ind2=" "><subfield code="a">Unidad Documental</subfield><subfield code="c">Archivo de Murcia. Array</subfield><subfield code="a">Unidad Documental</subfield><subfield code="c">Archivo de Murcia. Array</subfield></datafield><datafield tag="351" ind1=" " ind2=" "><subfield code="b">Nº 8</subfield></datafield><datafield tag="505" ind1=" " ind2=" "><subfield code="a">/codom/16/326.pdf</subfield></datafield><datafield tag="506" ind1=" " ind2=" "><subfield code="a">Acceso restringido</subfield></datafield><datafield tag="510" ind1=" " ind2=" "><subfield code="a">Pub. ABELLÁN PÉREZ, JUAN. Documentos de Juan II. Murcia: Academia Alfonso X el Sabio, 1984, pp. 674-675</subfield></datafield><datafield tag="520" ind1=" " ind2=" "><subfield code="a">Juan II ordena al concejo de Murcia que acepte la petición de Sancho Dávalos, regidor de la ciudad y recién nombrado comendador de Lorquí, de mantener el cargo de regidor con sus atribuciones y salario correspondiente, en contra de lo pretendido por el concejo, que era obligar al dicho Sancho Dávalos renunciar como regidor al haber sido nombrado comendador de Lorquí.</subfield></datafield><datafield tag="583" ind1=" " ind2=" "><subfield code="u">http://www.regmurcia.com/servlet/s.Sl?METHOD=VERDOCUMENTO&amp;sit=serv,Carmesi&amp;n=/01/426/indice.djvu</subfield></datafield><datafield tag="592" ind1=" " ind2=" "><subfield code="a">1453-06-09</subfield></datafield><datafield tag="592" ind1=" " ind2=" "><subfield code="d">1453-06-09 00:00:00</subfield></datafield><datafield tag="651" ind1=" " ind2=" "><subfield code="a">Maqueda</subfield></datafield><datafield tag="786" ind1=" " ind2=" "><subfield code="o">http://www.regmurcia.com/servlet/s.Sl?METHOD=VERDOCUMENTO&amp;sit=serv,Carmesi&amp;n=/01/426/indice.djvu</subfield></datafield><datafield tag="856" ind1=" " ind2=" "><subfield code="u">http://www.regmurcia.com/servlet/s.Sl?METHOD=DETALLE&amp;sit=c,373,m,139,serv,Carmesi&amp;id=1370</subfield></datafield></record></metadata></record></GetRecord></OAI-PMH>
